| 000 | 00516nam a2200181 a 4500 | ||
|---|---|---|---|
| 999 |
_c1469 _d1469 |
||
| 001 | 1469 | ||
| 003 | CDMR | ||
| 005 | 20230905125502.0 | ||
| 008 | 130130s1974||||||||||||||||||||||||||||d | ||
| 020 | _a842761201X | ||
| 040 |
_aCDMR _bcat _cCDMR |
||
| 100 | 1 |
_aEzcurra, Luis _91115 |
|
| 245 | 1 | 0 |
_aHistoria de la radiodifusión española _b: los primeros años _c/ Luis Ezcurra |
| 260 |
_aMadrid : _bEditora Nacional, _c1974 |
||
| 300 | _a348 p. | ||
| 650 | 0 | 4 |
_91720 _aRadiodifusió _zEspanya _xHistòria |
| 942 |
_cMON _2ddc |
||